02365nam a2200421 i 45000010008000000030009000080050017000170070003000340080041000370150017000780200039000950400021001340410013001550720048001680800024002160800022002400800022002621000038002842400037003222450084003592500023004432640025004663000023004913360026005143370029005403380027005695000033005965201004006296550042016336550044016756550042017196550030017616550030017916550025018217000046018467100044018920440007019365230461CZ PrSKC20260422105447.0ta260414s2026 xr g 000 f cze  acnb003743895 a978-80-249-5879-8q(brožováno) aABG001bczeerda1 aczeheng 7a821.111(73)-3xAmerická próza2Konspekt a821.111(73)-312MRF a(0:82-312.4)2MRF a(0:82-312.5)2MRF1 aCowles, Catherine7xx03441234aut10aAll the missing pieces.lČesky10aPoslední střípek /cCatherine Cowles ; přeložila Zuzana Hanešková aVydání první 1aPraha :bIkar,c2026 a391 stran ;c20 cm atextbtxt2rdacontent abez médiabn2rdamedia asvazekbnc2rdacarrier aPřeloženo z angličtiny2 aPři zkoumání nevyřešených případů pro svůj podcast narazí hlavní hrdinky nejen na nové stopy zločinů, ale i na pohledného šerifa. Román americké autorky kombinuje prvky true crime a romantiky.bRidley Sawyerová dobře ví, jaké je to přijít o kus sebe samé - kdysi totiž beze stopy zmizelo její dvojče. Teď cestuje po USA, ve svém podcastu zkoumá nevyřešené případy a snaží se dosáhnout spravedlnosti pro ostatní, když se jí to nepodařilo u sestry. Pak ji však jeden případ zavede do městečka, kde dělá šerifa Colter Brooks. A ten rozhodně nechce, aby mu tam nějaká podcasterka dělala problémy. Jenže kromě neshod se mezi nimi objevuje i nečekaná přitažlivost. A jakmile se ve vyšetřování objeví nové skutečnosti, začnou se společně přibližovat k pravdě. Ale každý jejich krok vpřed může být tím posledním... Nakladatelská anotace. 7aamerické romány7fd1317962czenas 7adetektivní romány7fd1320102czenas 7amilostné romány7fd1328402czenas 9aAmerican fiction2eczenas 9adetective novels2eczenas 9alove novels2eczenas1 aHanešková, Zuzana7jn200207160594trl2 aIkar (nakladatelství)7xx02370914pbl axr